[Event "R1C1 CD Muret - Foix"]
[Site "?"]
[Date "2003.10.18"]
[Round "1.1"]
[White "NN"]
[Black "Lanllier, Bruno"]
[Result "0-1"]
[WhiteElo "1720"]
[BlackElo "1920"]
[EventDate "2003.??.??"]
[PlyCount "90"]

1.e4 g6 2.d4 Bg7 3.Nf3 d6 4.Nc3 Nf6 5.Bc4 O-O 6.O-O c5 7.h3 cxd4 8.Nxd4 
Nc6 9.Nxc6 bxc6 10.Be3 Nxe4 11.Nxe4 d5 12.Bxd5 cxd5 13.Nc3 d4 14.Qf3 Rb8 
15.Rfd1 Rxb2 16.Ne2 e5 17.Qc6 Qb6 18.Qxb6 axb6 19.Bd2 Rxc2 20.Ng3 f5 21.f3
Be6 22.Bb4 Ra8 23.a3 Bd5 24.Re1 d3 25.Rad1 Bc4 26.Nf1 Re2 27.Ne3 Bb5 28.
Nd5 e4 29.Nc7 exf3 30.gxf3 Bc6 31.Rxe2 dxe2 32.Rd6 Rxa3 33.Rxc6 Rxf3 34.
Kg2 Rb3 35.Be1 Kf7 36.Rc2 f4 37.Nd5 f3+ 38.Kg3 Be5+ 39.Kg4 h5+ 40.Kg5 Rb1 
41.Bf2 e1=Q 42.Bxe1 Rxe1 43.Rf2 Rg1+ 44.Kh6 Ke6 45.Nb4 Rg3 0-1

[Event "Avignon-Condom"]
[Site "?"]
[Date "2003.11.??"]
[Round "2"]
[White "Rodriguez"]
[Black "Ducret"]
[Result "1/2-1/2"]
[WhiteElo "2482"]
[BlackElo "2222"]
[EventDate "2003.??.??"]
[PlyCount "79"]

1.e4 c5 2.Nf3 e6 3.d4 cxd4 4.Nxd4 Nc6 5.Nb5 d6 6.Bf4 e5 7.Be3 Nf6 8.Bg5 
Qa5+ 9.Qd2 Nxe4 10.Qxa5 Nxa5 11.Be3 Kd7 12.N1c3 Nxc3 13.Nxc3 Kc7 14.Nb5+ 
Kb8 15.O-O-O Be6 16.Nxd6 Bxd6 17.Rxd6 Kc7 18.Rd3 Rac8 19.b3 Nc6 20.Kb2 
Rhd8 21.c3 f6 22.Be2 Bf5 23.Rxd8 Rxd8 24.h4 Ne7 25.h5 Nd5 26.Bc1 Nf4 27.
Bxf4 exf4 28.Rd1 Rxd1 29.Bxd1 Be4 30.Bf3 Bxf3 31.gxf3 Kd6 32.Kc2 Ke5 33.
Kd3 f5 34.Ke2 g5 35.hxg6 hxg6 36.Kd2 g5 37.Kd3 Kd5 38.Kd2 Ke5 39.Kd3 Kd5 
40.Kd2 1/2-1/2

[Event "icn3g3r2,Tournefeuille-Narbonne"]
[Site "?"]
[Date "2003.11.15"]
[Round "?"]
[White "Wehmeier, Manuel"]
[Black "Arnaud, JC."]
[Result "1-0"]
[WhiteElo "1910"]
[BlackElo "1830"]
[EventDate "2003.12.02"]
[PlyCount "69"]

1.d4 g6 2.c4 Bg7 3.Nc3 c5 4.e3 b6 5.Nf3 Nc6 6.Be2 Bb7 7.O-O Nf6 8.d5 Nb8 
9.e4 d6 10.h3 h6 11.Nh4 Nbd7 12.f4 a6 13.Qe1 Qc7 14.Bd2 O-O-O 15.Bd3 Rdg8 
16.Nf3 Nh7 17.Rc1 g5 18.e5 gxf4 19.e6 fxe6 20.Qxe6 Bf6 $4 
    ( 20...Ng5 $1 21.Qxe7 Nxf3+ 22.Rxf3 Bd4+ 23.Kh1 Ne5 24.Qxc7+ Kxc7 25.
    Rcf1 Nxf3 26.Rxf3 Rg3 27.Rxg3 fxg3 $19 )
21.Bxh7 Rg7 22.Bf5 Rhg8 23.Rf2 Rd8 24.Bxf4 Kb8 25.Bxh6 Rgg8 26.Qe2 Rh8 27.
Bg5 Rdg8 28.Ne4 Bxg5 29.Nfxg5 Ne5 30.Ne6 Qc8 31.N6xc5 Qe8 32.Ne6 Bc8 33.c5
b5 34.cxd6 exd6 35.Nxd6 1-0

[Event "icn3g3r2,Tournefeuille-Narbonne"]
[Site "?"]
[Date "2003.11.15"]
[Round "?"]
[White "Lemeaux, David"]
[Black "De la Torre, Igor"]
[Result "1-0"]
[WhiteElo "2169"]
[BlackElo "2184"]
[EventDate "2003.12.02"]
[PlyCount "73"]

1.e4 c5 2.Nc3 a6 3.g3 b5 4.Bg2 Bb7 5.d3 e6 6.f4 b4 7.Nce2 d5 8.e5 Nh6 9.
Nf3 Nf5 10.g4 Nh4 11.Nxh4 Qxh4+ 12.Ng3 Nd7 13.c4 Nb6 14.O-O O-O-O 15.b3 h5
16.gxh5 g6 17.a3 a5 18.axb4 axb4 19.Qe2 Qe7 20.hxg6 fxg6 21.Be3 Rd7 22.
Rfc1 d4 23.Bd2 Qh4 24.Bxb7+ Rxb7 25.Rf1 Rhh7 26.Qg2 Kc7 27.Ne4 Be7 28.Rf3 
Nd7 29.Rg3 g5 30.Nxg5 Bxg5 31.Rxg5 Rb8 32.Ra6 Rhh8 33.Rg7 Kd8 34.Rd6 Rb7 
35.Rdxd7+ Rxd7 36.Qa8+ Kc7 37.Qa7+ 1-0

[Event "icn3g3r2,Tournefeuille-Narbonne"]
[Site "?"]
[Date "2003.11.15"]
[Round "?"]
[White "Inouss, Badr"]
[Black "Casella, Laurent"]
[Result "1/2-1/2"]
[WhiteElo "2021"]
[BlackElo "2110"]
[EventDate "2003.12.02"]
[PlyCount "78"]

1.e4 c5 2.Nf3 d6 3.d4 cxd4 4.Nxd4 Nf6 5.Nc3 g6 6.Bc4 Bg7 7.O-O O-O 8.Re1 
Nc6 9.h3 Bd7 10.Nf3 Rc8 11.Bg5 Na5 12.Bf1 Be6 13.Nd5 Nc4 14.b3 Nb6 15.c4 
Nbd7 16.Rc1 Re8 17.Nd4 Nc5 18.Nxf6+ exf6 19.Bf4 Bf8 20.b4 Nd7 21.Nb5 Ne5 
22.Nxa7 Ra8 23.Be3 Qb8 24.Qd4 b6 25.Qxb6 Qxb6 26.Bxb6 Reb8 27.c5 dxc5 28.
bxc5 Rb7 29.Nb5 Rxa2 30.Nd4 Bd7 31.f4 Nc6 32.Nxc6 Bxc6 33.Bc4 Rd2 34.Bd5 
Bxd5 35.exd5 Rxd5 36.Re8 Kg7 37.c6 Rxb6 38.Rxf8 Rxc6 39.Rxf7+ Kxf7 1/2-1/2

[Event "icn3g3r2,Tournefeuille-Narbonne"]
[Site "?"]
[Date "2003.11.15"]
[Round "?"]
[White "Genestous, Patrick"]
[Black "Desnos, M."]
[Result "1-0"]
[WhiteElo "2119"]
[BlackElo "1880"]
[EventDate "2003.12.02"]
[PlyCount "90"]

1.e4 e5 2.Nf3 Nf6 3.Nc3 Bb4 4.Nd5 Nxd5 5.exd5 d6 6.a4 a6 7.c3 Bc5 8.d4 
exd4 9.b4 Ba7 10.c4 Bg4 11.Be2 O-O 12.O-O Nd7 13.Ra3 Ne5 14.Nxe5 Bxe2 15.
Qxe2 Re8 16.Nxf7 Rxe2 17.Nxd8 Rxd8 18.Rd3 Rde8 19.Bd2 b5 20.cxb5 axb5 21.
a5 R2e5 22.Rc1 R8e7 23.Rb1 Rxd5 24.f4 Rf5 25.Kf1 Rf8 26.Rf3 Rfe8 27.f5 Re2
28.Bf4 Ra2 29.Rf2 Rxf2+ 30.Kxf2 d3+ 31.Kf3 c5 32.Be3 c4 $6 
    ( 32...Re7 )
33.Bxa7 c3 34.Be3 d2 35.Bxd2 cxd2 36.Rd1 Rc8 37.Rxd2 Rc4 38.a6 Kf7 39.a7 
Rc8 40.Rxd6 Ke7 41.Rc6 Rd8 42.Rc7+ Kf6 43.Ke4 h6 44.Rb7 Ra8 45.g4 g6 1-0

[Event "icn3g3r2,Tournefeuille-Narbonne"]
[Site "?"]
[Date "2003.11.15"]
[Round "?"]
[White "Garrel, Alain"]
[Black "Couty, Olivier"]
[Result "1/2-1/2"]
[WhiteElo "2152"]
[BlackElo "2150"]
[EventDate "2003.12.02"]
[PlyCount "43"]

1.d4 Nf6 2.Nf3 c5 3.g3 cxd4 4.Nxd4 e5 5.Nb3 Nc6 6.Bg2 h6 7.c4 d6 8.O-O Be6
9.Bd5 Qd7 10.Nc3 Be7 11.Bxe6 Qxe6 12.Nd5 Rc8 13.f3 Qh3 14.Be3 h5 15.Nxe7 
Kxe7 16.c5 d5 17.Bg5 Rcd8 18.e3 Qf5 19.Bxf6+ gxf6 20.Qe2 Qg6 21.Nd2 h4 22.
g4 1/2-1/2

[Event "icn3g3r2,Tournefeuille-Narbonne"]
[Site "?"]
[Date "2003.11.15"]
[Round "?"]
[White "Cweik, P."]
[Black "Desnos, O."]
[Result "1-0"]
[WhiteElo "1660"]
[BlackElo "1390"]
[EventDate "2003.12.02"]
[PlyCount "123"]

1.e4 d5 2.exd5 Nf6 3.Nf3 Nxd5 4.d4 g6 5.c4 Nf6 6.Nc3 Bg7 7.Be2 O-O 8.O-O 
Bf5 9.Bf4 Nbd7 10.Qb3 Nb6 11.a4 Nh5 12.Be3 a5 13.c5 Be6 14.Qb5 Bd7 15.Qd3 
Bf5 16.Qd2 Nd5 17.Bh6 Nxc3 18.bxc3 Re8 19.Bxg7 Nxg7 20.Qh6 f6 21.Nh4 Be6 
22.Bd3 f5 $2 
    ( 22...Qd7 $14 )
23.Nf3 Bd5 24.Ng5 Kf8 25.Qxh7 Bf7 26.Qh8+ Bg8 27.Bc4 e6 28.Qh6 Qf6 29.Rab1
Rab8 30.Rb5 b6 31.cxb6 cxb6 32.Re1 Ke7 33.Rbe5 Rbc8 34.Bb5 Red8 35.d5 Rxc3
36.Nxe6 Nxe6 37.Rxe6+ Bxe6 38.Rxe6+ Qxe6 39.dxe6 Rd1+ 40.Bf1 Rcc1 41.Qg7+ 
Kxe6 42.Qxg6+ Ke5 43.Qg3+ f4 44.Qg5+ Ke4 45.f3+ Ke3 {(=)} 46.Qe5+ Kd2 47.
Qxf4+ Kc3 48.Qe3+ Kb4 49.Qxb6+ Kxa4 50.Qb5+ Ka3 51.Qxa5+ Kb2 52.Qe5+ Kb3 
53.Qe2 Kc3 54.h4 Re1 55.Qd3+ Kb4 56.h5 Rcd1 57.Qc4+ Ka3 58.h6 Rc1 59.Qa6+ 
Kb2 60.h7 Ra1 61.Qb5+ Ka2 62.h8=Q 1-0

[Event "icn3g3r2,Tournefeuille-Narbonne"]
[Site "?"]
[Date "2003.11.15"]
[Round "?"]
[White "Ballester Sanz, Joaquin"]
[Black "Laurain, Dominique"]
[Result "0-1"]
[WhiteElo "1820"]
[BlackElo "2060"]
[EventDate "2003.12.02"]
[PlyCount "50"]

1.e4 e6 2.d4 d5 3.Nd2 Nf6 4.e5 Nfd7 5.c3 c5 6.Bd3 Nc6 7.Ne2 cxd4 8.cxd4 f6
9.exf6 Nxf6 10.Nf3 Qc7 11.O-O Bd6 12.Re1 O-O 13.Bd2 Bd7 14.Rc1 Qb6 15.Bc3 
Rae8 16.Qc2 e5 17.dxe5 Nxe5 18.Bxe5 Bxe5 19.Ng5 $2 
    ( 19.Nxe5 Rxe5 20.Qc7 $11 )
19...Bxh2+ $2 
    ( 19...Ng4 20.Nh3 Nxf2 21.Nxf2 Rxf2 22.Kh1 Qh6 23.h3 Bxh3 24.Bxh7+ Kh8
    25.Qg6 Bxg2+ 26.Kg1 Qh2+ 27.Kxf2 Bd4+ 28.Nxd4 Bh1+ 29.Kf1 Rf8+ 30.Nf5 
    Rxf5+ 31.Qxf5 Qg2# )
20.Kh1 Ne4 $2 
    ( 20...Re5 21.Bxh7+ Kh8 22.Nf3 Nxh7 23.Nxh2 Rxf2 24.Qc7 Qxc7 25.Rxc7 
    Rexe2 26.Rxe2 Rxe2 27.Rxd7 Re1+ 28.Nf1 Rxf1+ 29.Kh2 Nf6 $19 )
21.Bxe4 Rxe4 22.Nxe4 Qh6 23.Rcd1 $2 
    ( 23.Qb3 Be6 24.Ng5 Qxg5 25.Qe3 Qxe3 26.fxe3 $14 )
23...dxe4 24.Rxd7 $4 Bg3+ 25.Kg1 Qh2+ 0-1

[Event "icn3g3r2,Tournefeuille-Narbonne"]
[Site "?"]
[Date "2003.11.15"]
[Round "?"]
[White "Ballester, Regis"]
[Black "Tarayre, Pascal"]
[Result "0-1"]
[WhiteElo "1760"]
[BlackElo "1884"]
[EventDate "2003.12.02"]
[PlyCount "58"]

1.e4 c5 2.Nf3 d6 3.d4 cxd4 4.Nxd4 Nf6 5.Nc3 g6 6.Be3 Bg7 7.f3 O-O 8.Qd2 
Nc6 9.Bc4 Bd7 10.O-O-O Qa5 11.h4 Rfc8 12.Bb3 Ne5 13.Nd5 Qd8 14.h5 Nxd5 15.
Bxd5 Nc4 16.Bxc4 Rxc4 17.hxg6 hxg6 18.b3 Rcc8 19.Bh6 Bh8 20.g4 a5 21.Qh2 
Bf6 22.Be3 e5 23.Ne2 Qc7 24.Ng3 Qc3 25.Rd3 $4 
    ( 25.Bh6 $17 )
25...Qxd3 26.Qh7+ Kf8 27.Bh6+ Ke7 28.Rh2 Qxf3 29.Nh1 Bxg4 0-1

[Event "icn3g3r2,Tournefeuiille-Narbonne"]
[Site "?"]
[Date "2003.11.15"]
[Round "?"]
[White "Desnos, Alexandre"]
[Black "Daloz, JM."]
[Result "1/2-1/2"]
[WhiteElo "2132"]
[BlackElo "2171"]
[EventDate "2003.12.02"]
[PlyCount "138"]

1.d4 Nf6 2.c4 e6 3.Nf3 b6 4.Nc3 Bb7 5.Bg5 Bb4 6.a3 Bxc3+ 7.bxc3 d6 8.e3 h6
9.Bh4 g5 10.Bg3 Ne4 11.Nd2 Nxg3 12.hxg3 Qe7 13.g4 e5 14.Nb3 Nd7 15.Rb1 
O-O-O 16.d5 Rdf8 17.e4 Nf6 18.Bd3 Qd7 19.f3 h5 20.gxh5 Nxh5 21.c5 Qa4 22.
c6 Ba6 23.Nc5 Qxd1+ 24.Rxd1 Bxd3 25.Nxd3 Nf4 26.Rxh8 Rxh8 27.Nxf4 Rh1+ 28.
Ke2 Rxd1 29.Kxd1 exf4 30.Ke2 Kd8 31.Kf2 Ke7 32.g3 Kf6 33.g4 Ke5 34.Ke2 Kf6
35.Kd3 Ke5 36.Kc4 a6 37.a4 Kf6 38.Kd4 Ke7 39.e5 dxe5+ 40.Kxe5 f6+ 41.Kf5 
    ( 41.Kd4 $3 b5 
        ( 41...Kd6 42.c4 Ke7 43.Ke4 Kd6 44.Kf5 b5 45.cxb5 axb5 46.axb5 
        Kxd5 47.Kxf6 $18 )
    42.axb5 axb5 43.Kc5 f5 44.d6+ cxd6+ 45.Kb6 fxg4 46.c7 gxf3 47.c8=Q $18
    )
41...b5 42.a5 Kd6 43.Kxf6 Kxd5 44.Kxg5 Kc4 45.Kxf4 Kxc3 46.g5 b4 47.g6 b3 
48.g7 b2 49.g8=Q b1=Q 50.Qg7+ Kc4 51.Qxc7 Qc1+ 52.Kf5 Qc2+ 53.Ke6 Qg6+ 54.
Ke5 Qh5+ 55.Ke4 Qg6+ 56.Ke3 Qg1+ 57.Ke4 Qg6+ 58.Ke5 Qh5+ 59.Ke6 Qg6+ 60.
Kd7 Qf5+ 61.Ke8 Qe6+ 62.Kf8 $4 
    ( 62.Kd8 $3 Qg8+ 63.Kd7 Qf7+ 64.Kc8 Qxf3 65.Kb8 Qd5 66.Qb7 Qxa5 67.c7 
    $18 )
62...Qh6+ 63.Kg8 Qg6+ 64.Kh8 Qh6+ 65.Kg8 Qg6+ 66.Kf8 Qh6+ 67.Ke7 Qg7+ 68.
Kd8 Qf8+ 69.Kd7 Qf5+ 1/2-1/2

[Event "icn3g3r2,St-Affrique-CEI Toulouse"]
[Site "?"]
[Date "2003.11.15"]
[Round "?"]
[White "Pech, Gilles"]
[Black "Bouhana, M."]
[Result "1-0"]
[WhiteElo "2049"]
[BlackElo "1830"]
[EventDate "2003.12.02"]
[PlyCount "71"]

1.d4 d5 2.c4 c6 3.cxd5 cxd5 4.Nc3 Nf6 5.Bg5 e6 6.e3 Nbd7 7.Bb5 Be7 8.Nf3 
O-O 9.O-O Nb6 10.Bd3 Bd7 11.Ne5 Rc8 12.Rc1 Nc4 13.Nxc4 dxc4 14.Bb1 Bc6 15.
Qc2 g6 16.Rfd1 Qc7 17.e4 Ng4 18.Bxe7 Qxe7 19.h3 Nf6 20.d5 exd5 21.exd5 Bd7
22.d6 Qe5 23.Qe2 Qf4 24.Qe3 Qxe3 25.fxe3 Rfe8 26.e4 b5 27.a3 a5 28.Rd4 Re6
29.Rf1 Ne8 30.Rfd1 b4 31.axb4 axb4 32.Nd5 c3 33.bxc3 bxc3 34.Ne7+ Rxe7 35.
dxe7 c2 36.Bxc2 1-0

[Event "icn3g3r2,St-Affrique-CEI Toulouse"]
[Site "?"]
[Date "2003.11.15"]
[Round "?"]
[White "Nowocien, A."]
[Black "Ninov, Nikolai"]
[Result "0-1"]
[WhiteElo "2000"]
[BlackElo "2451"]
[EventDate "2003.12.02"]
[PlyCount "94"]

1.c4 e5 2.Nc3 Nc6 3.g3 Bb4 4.Bg2 Bxc3 5.dxc3 d6 6.Nf3 Be6 7.b3 Qd7 8.h4 h6
9.Qc2 f5 10.Bb2 Nf6 11.O-O-O O-O 12.e3 Qf7 13.Rhe1 Ng4 14.Ng1 Qg6 15.Bd5 
Rfe8 16.f3 Nf6 17.g4 e4 18.Nh3 Bxd5 19.Nf4 Qf7 20.cxd5 Ne5 21.g5 hxg5 22.
hxg5 Nh7 23.fxe4 fxe4 24.g6 Nxg6 25.Nxg6 Qxg6 26.Rg1 Qh6 27.c4 Re7 28.Rg3 
Rf8 29.Rdg1 Nf6 30.Qg2 Nh5 31.Rg5 Ref7 32.Rh1 Rf1+ 33.Rxf1 Rxf1+ 34.Qxf1 
Qxg5 35.Qh3 Nf6 36.Qe6+ Kh7 37.Bxf6 Qxe3+ 38.Kb2 Qf2+ 39.Kc1 Qf4+ 40.Kc2 
Qxf6 41.Qh3+ Kg6 42.Qg4+ Kh6 43.Qh3+ Kg5 44.Qg3+ Kh5 45.Qh3+ Qh4 46.Qf5+ 
Kh6 47.Kd2 Qg5+ 0-1

[Event "icn3g3r2,St-Affrique-CEI Toulouse"]
[Site "?"]
[Date "2003.11.15"]
[Round "?"]
[White "Hutin, Christophe"]
[Black "Bosc, Sebastien"]
[Result "1/2-1/2"]
[WhiteElo "2102"]
[BlackElo "2065"]
[EventDate "2003.12.02"]
[PlyCount "82"]

1.e4 e5 2.Nf3 Nf6 3.d3 Nc6 4.Be2 d5 5.Nbd2 Be7 6.O-O O-O 7.c3 h6 8.b4 Qd6 
9.Qc2 a6 10.a3 Bg4 11.Re1 Rfe8 12.h3 Bh5 13.Nf1 Bf8 14.g4 Bg6 15.Ng3 Bh7 
16.Nh4 Ne7 17.g5 hxg5 18.Bxg5 dxe4 19.dxe4 Qc6 20.Bf1 Ng6 21.Nhf5 Nf4 22.
Rad1 Rad8 23.Rxd8 Rxd8 24.Re3 Re8 25.Kh2 N6h5 26.Qd1 Bg6 27.Qg4 Nxg3 28.
Nxg3 Qe6 29.Qf3 Bd6 30.c4 c5 31.Rb3 f6 32.Bh4 Re7 {(=)} 33.b5 Bb8 34.bxa6 
Qxa6 35.Nf5 Rd7 36.Bg3 Qe6 37.Qg4 Kf7 38.Bh4 Kf8 39.Bg3 Kf7 40.Bh4 b6 41.
Bg3 Rd2 1/2-1/2

[Event "icn3g3r2,St-Affrique-CEI Toulouse"]
[Site "?"]
[Date "2003.11.15"]
[Round "?"]
[White "Georgiev, K."]
[Black "Panthioukine, S."]
[Result "1-0"]
[WhiteElo "2452"]
[BlackElo "2020"]
[EventDate "2003.12.02"]
[PlyCount "63"]

1.e4 Nf6 2.e5 Nd5 3.d4 d6 4.f4 Bf5 5.Nf3 e6 6.Bd3 Bg6 7.O-O Be7 8.c4 Nb6 
9.Nc3 O-O 10.Be3 c6 11.exd6 Bxd6 12.Bxg6 hxg6 13.c5 Nc4 14.Bc1 Be7 15.Qe2 
b5 16.a4 a6 17.axb5 cxb5 18.Nxb5 Na5 19.Nc3 Nb3 20.Ra4 Nxc1 21.Qe4 Ne2+ 
22.Nxe2 Ra7 23.Ne5 Qc7 24.b4 Rd8 25.Nc3 Qb7 26.Qe3 Nc6 27.Nxc6 Qxc6 28.b5 
Qc8 29.Rfa1 a5 30.Kf1 e5 31.fxe5 Qf5+ 32.Qf3 1-0

[Event "icn3g3r2,St-Affrique-CEI Toulouse"]
[Site "?"]
[Date "2003.11.15"]
[Round "?"]
[White "Chaplin, Erik"]
[Black "Benmesbah, Natacha"]
[Result "0-1"]
[WhiteElo "2136"]
[BlackElo "2030"]
[EventDate "2003.12.02"]
[PlyCount "54"]

1.e4 e5 2.Nf3 Nc6 3.Bb5 a6 4.Ba4 Nf6 5.O-O Be7 6.Bxc6 dxc6 7.Qe1 O-O 8.
Nxe5 Bd6 9.d4 c5 10.c3 Re8 11.Bg5 cxd4 12.f4 dxc3 13.Nxc3 Bxe5 14.fxe5 
Qd4+ 15.Kh1 Ng4 16.Nd5 Qxe5 17.Bf4 Qxb2 18.h3 Nf6 19.Rb1 Qd4 20.Rb4 Qc5 
21.Nxc7 Be6 22.Nxa8 Rxa8 23.Rxb7 Bxa2 24.Qa1 Be6 25.Rfb1 Rf8 26.Be5 Nxe4 
27.Bxg7 Bxh3 {Temps???} 0-1

[Event "icn3g3r2,St-Affrique-CEI Toulouse"]
[Site "?"]
[Date "2003.11.15"]
[Round "?"]
[White "Capone, Antonio"]
[Black "Pous, Vincent"]
[Result "0-1"]
[WhiteElo "1699"]
[BlackElo "2053"]
[EventDate "2003.12.02"]
[PlyCount "98"]

1.d4 Nf6 2.c4 e6 3.Nc3 Bb4 4.e3 O-O 5.a3 Bxc3+ 6.bxc3 b6 7.Bd3 Bb7 8.f3 d6
9.Ne2 Nbd7 10.O-O e5 11.e4 h6 12.Ng3 Re8 13.Nf5 Nf8 14.Qe1 Nh5 15.g4 Nf4 
16.Bxf4 exf4 17.Qd2 Ng6 18.h4 Nxh4 19.Nxh4 Qxh4 20.Qxf4 Re6 21.Ra2 Rf6 22.
Qe3 Qg3+ 23.Rg2 Qf4 24.Qxf4 Rxf4 25.Kf2 Re8 26.Kg3 Rf6 27.Rh1 g5 28.Rgh2 
Kg7 29.Re2 Rf4 30.Reh2 Re6 31.d5 Ref6 32.Rf2 Bc8 33.Rhf1 Bd7 34.Be2 Ba4 
35.Rb1 Bc2 36.Rb2 Bd3 37.Bd1 Bxc4 38.Rb4 b5 39.a4 a5 40.Rb1 bxa4 41.Ra1 
Bb3 42.Rf1 h5 43.gxh5 g4 44.Bxb3 axb3 45.Rxa5 Kh6 46.Rb5 Kg5 47.Rxb3 gxf3 
48.Rb7 f2 49.Kg2 Rg4+ 0-1

[Event "icn3g3r2,St-Affrique-CEI Toulouse"]
[Site "?"]
[Date "2003.11.15"]
[Round "?"]
[White "Boyd, Stephen"]
[Black "Mohtaji, Javad"]
[Result "1-0"]
[WhiteElo "2331"]
[BlackElo "2039"]
[EventDate "2003.12.02"]
[PlyCount "74"]

1.d4 Nf6 2.Bg5 Ne4 3.Bf4 d5 4.e3 c5 5.Bd3 Qa5+ 6.c3 Nf6 7.Nd2 Nbd7 8.g4 g6
9.h4 h5 10.g5 Ng8 11.Nb3 Qb6 12.dxc5 Nxc5 13.Nxc5 Qxc5 14.Be5 Rh7 15.Qc2 
Qc6 16.Ne2 Bg7 17.Nd4 Qb6 18.Bb5+ Kf8 19.Bxg7+ Kxg7 20.f4 f5 21.Kf2 e6 22.
c4 Ne7 23.Qc3 Kg8 24.c5 Qc7 25.Nf3 Bd7 26.Bd3 Nc6 27.Bb5 Ne7 28.Bxd7 Qxd7 
29.Ne5 Qc7 30.b4 Rg7 31.b5 Rd8 32.Rhd1 Nc8 33.Rac1 b6 34.Qb4 Kh7 35.cxb6 
Qxb6 36.Rc6 Qb7 37.Rxe6 Nd6 $4 1-0

[Event "icn3g3r2,St-Affrique-CEI Toulouse"]
[Site "?"]
[Date "2003.11.15"]
[Round "?"]
[White "Bouhana, PA."]
[Black "Redon, Philippe"]
[Result "0-1"]
[WhiteElo "1990"]
[BlackElo "2047"]
[EventDate "2003.12.02"]
[PlyCount "76"]

1.e4 e5 2.f4 exf4 3.Nf3 Nf6 4.Nc3 d5 5.exd5 Nxd5 6.Bc4 Be6 7.Qe2 Be7 8.
Nxd5 Bxd5 9.Bxd5 Qxd5 10.d4 g5 11.Bd2 Qe6 12.Qxe6 fxe6 13.h4 g4 14.Ne5 Nd7
15.Bxf4 Nxe5 16.Bxe5 O-O 17.Ke2 c6 18.g3 Rf5 19.Rhf1 Raf8 20.Rf4 Rxf4 21.
Bxf4 Rf5 22.Kd3 Bxh4 23.Re1 Kf7 24.Bb8 Bg5 25.Rh1 h6 26.Bf4 Kf6 27.Ke4 
Bxf4 28.gxf4 Kg6 29.Rh4 h5 30.c3 c5 31.dxc5 Rxc5 32.Kd4 Rd5+ 33.Ke3 Rd1 
34.Rh2 Re1+ 35.Kf2 Rb1 36.Kg3 Rg1+ 37.Kh4 g3 38.Rh3 g2 0-1

[Event "icn3g3r2,Perpignan-Béziers"]
[Site "?"]
[Date "2003.11.15"]
[Round "?"]
[White "Savy, Laurent"]
[Black "Khalil, M."]
[Result "1/2-1/2"]
[WhiteElo "2107"]
[BlackElo "2130"]
[EventDate "2003.12.02"]
[PlyCount "136"]

1.c4 c6 2.g3 d5 3.cxd5 cxd5 4.Bg2 Nc6 5.d3 h6 6.Nf3 e5 7.O-O Nf6 8.a3 Bd6 
9.Nc3 Be6 10.b4 a6 11.Bb2 O-O 12.Rc1 Rc8 13.Nd2 b5 14.e3 Qb6 15.Kh1 Rfd8 
16.Qe2 Bb8 17.Nd1 a5 18.f4 Bg4 19.Bf3 Bxf3+ 20.Qxf3 axb4 21.axb4 d4 22.Ne4
Nxb4 23.Rxc8 Rxc8 24.fxe5 Bxe5 25.exd4 Bxd4 26.Nxf6+ Bxf6 27.d4 Qc6 28.Ne3
Qxf3+ 29.Rxf3 Rd8 
    ( 29...Nd3 $1 30.Ba1 b4 31.Rf1 b3 32.Nd5 Bg5 33.h4 Rc1 34.Kg1 Bd2 35.
    Rxc1 Bxc1 36.Kf1 b2 37.Bxb2 Nxb2 $19 )
30.Rf5 Nd3 31.Rxb5 Nxb2 32.Rxb2 Bxd4 33.Rb3 Bxe3 34.Rxe3 Rd2 35.Kg1 f5 36.
Re5 g6 37.Re7 Rc2 38.Rb7 Re2 39.Rd7 Kf8 40.Rc7 Re7 41.Rc6 Kf7 42.Kf2 Re6 
43.Rc3 Kf6 44.Kf3 g5 45.h3 Kg6 46.Ra3 Rc6 47.Rb3 Kf6 48.Ra3 Rd6 49.Rb3 Ke5
50.Re3+ Kf6 51.Rb3 h5 52.Ra3 g4+ 53.hxg4 hxg4+ 54.Ke3 Re6+ 55.Kf2 Kg5 56.
Ra8 Rb6 57.Ra2 Rb3 58.Kg2 Rd3 59.Re2 Rc3 60.Re8 Rd3 61.Re2 Rd4 62.Kf2 f4 
63.gxf4+ Kf5 64.Re8 Rxf4+ 65.Kg3 Rf3+ 66.Kg2 Kf4 67.Rf8+ Ke3 68.Re8+ Kf4 
1/2-1/2

[Event "icn3g3r2,Perpignan-Béziers"]
[Site "?"]
[Date "2003.11.15"]
[Round "?"]
[White "Petyt, Marcel"]
[Black "Jourfier, L."]
[Result "1-0"]
[WhiteElo "1570"]
[BlackElo "1499"]
[EventDate "2003.12.02"]
[PlyCount "75"]

1.e4 e6 2.d4 d5 3.exd5 exd5 4.Nf3 Bd6 5.Bd3 Bg4 6.O-O h6 7.c4 Nf6 8.Re1+ 
Be7 9.Nbd2 O-O 10.Qb3 b6 11.Ne5 Be6 12.Ndf3 dxc4 13.Bxc4 Bxc4 14.Qxc4 Nd5 
15.Bd2 c6 16.Nxc6 Nxc6 17.Qxc6 Rc8 18.Qa4 a5 19.a3 Bf6 20.Qb3 Qd6 21.Qd3 
Rfd8 22.Ne5 Bxe5 23.dxe5 Qe6 24.Qe4 Ne7 25.Bc3 Ng6 26.f4 Ne7 27.Rad1 Nf5 
28.g4 Ne7 29.f5 Qc6 30.Rxd8+ Rxd8 31.Qxc6 Nxc6 32.e6 fxe6 33.Rxe6 Rc8 34.
Rg6 Ne7 35.Rxg7+ Kf8 36.f6 Nd5 37.Rh7 Nxc3 38.Rh8+ 1-0

[Event "icn3g3r2,Perpignan-Béziers"]
[Site "?"]
[Date "2003.11.15"]
[Round "?"]
[White "Pascal-Mousselard, Philippe"]
[Black "Raynouard, JY."]
[Result "0-1"]
[WhiteElo "1940"]
[BlackElo "1620"]
[EventDate "2003.12.02"]
[PlyCount "101"]

1.b3 d5 2.Bb2 Nf6 3.e3 c5 4.Nf3 Nc6 5.Bb5 Bd7 6.O-O a6 7.Bxc6 Bxc6 8.Ne5 
Qc7 9.d3 e6 10.Nd2 Bd6 11.Ndf3 O-O 12.Qe2 Nd7 13.Nxc6 Qxc6 14.e4 dxe4 15.
dxe4 f6 16.Rad1 Rad8 17.Qc4 Kh8 18.Rfe1 Nb6 19.Qe2 Bf4 20.c4 Bc7 21.h4 Nc8
22.h5 Ba5 23.Rxd8 Rxd8 24.Rd1 Rxd1+ 25.Qxd1 Qd6 26.Qc2 e5 27.Nh4 Ne7 28.
Bc1 Kg8 29.Be3 Bb4 30.Kf1 Nc6 31.Nf5 Qd7 32.Ke2 g6 33.hxg6 hxg6 34.Nh4 
Qg4+ 35.Nf3 Qxg2 36.Qc1 Qg4 37.Qh1 Qxe4 38.Qh3 Nd4+ 39.Nxd4 exd4 40.Qc8+ 
Kf7 41.Qh8 dxe3 42.Qh7+ Ke6 43.fxe3 Qg2+ 44.Kd3 Qd2+ 45.Ke4 f5+ 46.Kf3 
Qd1+ 47.Kf2 Qe1+ 48.Kf3 Qf1+ 49.Kg3 Be1+ 50.Kh2 Qf2+ 51.Kh1 0-1

[Event "icn3g3r2,Perpignan-Béziers"]
[Site "?"]
[Date "2003.11.15"]
[Round "?"]
[White "Marco, C."]
[Black "Yrle, Michel"]
[Result "1/2-1/2"]
[WhiteElo "1880"]
[BlackElo "1830"]
[EventDate "2003.12.02"]
[PlyCount "113"]

1.e4 Nf6 2.e5 Nd5 3.c4 Nb6 4.d4 d6 5.f4 dxe5 6.fxe5 Nc6 7.Be3 Bf5 8.Nc3 e6
9.Be2 Qd7 10.Nf3 Be7 11.O-O f6 12.Qd2 O-O 13.Rad1 Rad8 14.Qc1 Qc8 15.Kh1 
Bg4 16.exf6 Bxf6 17.Ne4 Bxf3 18.Nxf6+ Rxf6 19.Bxf3 Rdf8 20.Be4 Qe8 21.Rf3 
Nd8 22.Rdf1 Rxf3 23.Rxf3 Rxf3 24.Bxf3 Qa4 25.c5 Nd5 26.Bxd5 exd5 27.a3 Qe8
28.h3 Qe4 29.Bg1 Ne6 30.Qe3 Qxe3 31.Bxe3 Kf7 32.Kg1 Kf6 33.Kf2 b6 34.b4 b5
35.Kf3 g6 36.g3 Ke7 37.Ke2 Kd7 38.Kd3 h5 39.g4 hxg4 40.hxg4 Ke7 41.Bf2 Kd7
42.Be3 Nf8 43.Bf4 Nh7 44.Ke3 Nf6 45.Kf3 Ne4 46.Bc1 Ke6 47.Kf4 g5+ 48.Kf3 
Kd7 49.Be3 Kc6 50.Bc1 Kb7 51.Be3 a5 52.Bc1 a4 53.Be3 Kc6 54.Bc1 Kd7 55.Be3
Ke6 56.Bc1 Kf6 57.Be3 1/2-1/2

[Event "icn3g3r2,Perpignan-Béziers"]
[Site "?"]
[Date "2003.11.15"]
[Round "?"]
[White "Jules, Matthieu"]
[Black "Tisseyre, Yannick"]
[Result "1-0"]
[WhiteElo "2035"]
[BlackElo "2016"]
[EventDate "2003.12.02"]
[PlyCount "81"]

1.e4 c5 2.Nf3 Nc6 3.d4 cxd4 4.Nxd4 e5 5.Nb5 a6 6.Nd6+ Bxd6 7.Qxd6 Qf6 8.
Qd1 Nge7 9.c4 Nd4 10.Nc3 O-O 11.Nd5 Nxd5 12.cxd5 d6 13.Be3 Bd7 14.Bxd4 
exd4 15.Bd3 Rac8 16.O-O Qf4 17.g3 Qf6 18.f4 Bh3 19.Re1 g6 20.Qb3 Rc7 21.
Qb6 Rc5 22.Qxb7 g5 23.f5 g4 24.Qxa6 Qg5 25.Rad1 Rfc8 26.Qxd6 h5 27.Qf4 Qf6
28.Rc1 Rxc1 29.Rxc1 Rxc1+ 30.Qxc1 h4 31.Qf4 hxg3 32.hxg3 Qb6 33.Qd2 Qd6 
34.Kh2 Qe5 35.Qf4 Qe7 36.f6 Qb4 37.Qg5+ Kf8 38.Qg7+ Ke8 39.Qg8+ Kd7 40.
Qxf7+ Kc8 41.Qe8+ 1-0

[Event "icn3g3r2,Perpignan-Béziers"]
[Site "?"]
[Date "2003.11.15"]
[Round "?"]
[White "Guttridge, V."]
[Black "Basty, Bernard"]
[Result "0-1"]
[WhiteElo "1620"]
[BlackElo "1850"]
[EventDate "2003.12.02"]
[PlyCount "70"]

1.c4 e6 2.Nf3 Nf6 3.g3 d5 4.cxd5 exd5 5.d4 Bf5 6.Bg2 c6 7.O-O Bd6 8.Nc3 
Nbd7 9.Re1 O-O 10.Nh4 Bg6 11.e4 Bxe4 12.Nxe4 Nxe4 13.Bxe4 dxe4 14.Rxe4 Nf6
15.Re1 Qd7 16.Kg2 Rfe8 17.Be3 Re4 18.f3 Re7 19.Qd3 Nd5 20.Bd2 g6 21.f4 
Rae8 22.Rxe7 Rxe7 23.f5 Qe8 24.Kf2 Nf6 25.Kf1 Ng4 26.Nf3 Ne3+ 27.Kf2 Nxf5 
28.g4 Ng7 29.Bg5 Re6 30.d5 Bc5+ 31.Kf1 Qd7 32.Qc3 Qxd5 33.Bf6 Ne8 34.Bg5 
Bf8 35.Re1 Qb5+ 0-1

[Event "icn3g3r2,Perpignan-Béziers"]
[Site "?"]
[Date "2003.11.15"]
[Round "?"]
[White "François, S."]
[Black "Negre, Albert"]
[Result "1/2-1/2"]
[WhiteElo "2122"]
[BlackElo "2117"]
[EventDate "2003.12.02"]
[PlyCount "55"]

1.e4 e5 2.Bc4 Nf6 3.d3 Bc5 4.Nf3 Nc6 5.c3 a6 6.O-O d6 7.Nbd2 Ba7 8.Bb3 O-O
9.Re1 Ng4 10.Re2 Kh8 11.h3 Nh6 12.Nf1 f5 13.Bxh6 gxh6 14.exf5 Bxf5 15.N1h2
Qf6 16.Bd5 Rae8 17.Qd2 Re7 18.Ng4 Qg7 19.Qxh6 Bxg4 20.Qxg7+ Rxg7 21.hxg4 
Rxg4 22.Kh2 Nd8 23.Rf1 c6 24.Bb3 Nf7 25.Ng1 Nh6 26.Nh3 Nf5 27.Be6 Rg6 28.
Bxf5 1/2-1/2

[Event "icn3g3r2,Perpignan-Béziers"]
[Site "?"]
[Date "2003.11.15"]
[Round "?"]
[White "Camacho, JC."]
[Black "Laclau, Daniel"]
[Result "0-1"]
[WhiteElo "2160"]
[BlackElo "2293"]
[EventDate "2003.12.02"]
[PlyCount "72"]

1.e4 c5 2.Nf3 e6 3.d4 cxd4 4.Nxd4 a6 5.Nc3 b5 6.Bd3 Bb7 7.O-O d6 8.Kh1 Nf6
9.f3 Nbd7 10.Be3 Be7 11.Qe1 O-O 12.Qg3 Re8 13.Nce2 Bf8 14.Rad1 Rc8 15.c3 
Qc7 16.Qh3 g6 17.Ng3 d5 18.Bh6 Bd6 19.exd5 Nxd5 20.Ndf5 exf5 21.Bxf5 Rcd8 
22.Ne4 Be5 23.Ng5 N7f6 24.Be6 fxe6 25.Nxe6 Qd7 26.Nxd8 Qxh3 27.gxh3 Rxd8 
28.Rfe1 Re8 29.Kg2 Kf7 30.Bg5 Nh5 31.Kf2 Bxh2 32.Rxe8 Kxe8 33.Rd4 Bg3+ 34.
Kf1 Kf7 35.b3 Be5 36.Re4 Bxc3 0-1